|
|
|
|
| LEADER |
00000cam a2200000 c 4500 |
| 001 |
112810632 |
| 003 |
DE-627 |
| 005 |
20251222200054.0 |
| 007 |
tu |
| 008 |
921122s1969 xxc||||| 00| ||eng c |
| 010 |
|
|
|a 78094434
|
| 020 |
|
|
|a 0458901601
|c : unpriced
|9 0-458-90160-1
|
| 020 |
|
|
|a 0458903205
|9 0-458-90320-5
|
| 035 |
|
|
|a (DE-627)112810632
|
| 035 |
|
|
|a (DE-576)037555952
|
| 035 |
|
|
|a (DE-599)GBV112810632
|
| 035 |
|
|
|a (OCoLC)63059
|
| 035 |
|
|
|a (OCoLC)00063059
|
| 040 |
|
|
|a DE-627
|b ger
|c DE-627
|e rakwb
|
| 041 |
|
|
|a eng
|
| 044 |
|
|
|c XD-CA
|
| 050 |
|
0 |
|a HV5840.C3
|
| 082 |
0 |
|
|a 613.8/3/0971
|
| 084 |
|
|
|a 86.56
|2 bkl
|
| 084 |
|
|
|a 71.66
|2 bkl
|
| 100 |
1 |
|
|8 1\p
|a Whitaker, Reginald
|d 1943-
|0 (DE-588)172449642
|0 (DE-627)697389146
|0 (DE-576)133311740
|4 aut
|
| 109 |
|
|
|a Whitaker, Reginald 1943-
|a Whitaker, Reg 1943-
|
| 245 |
1 |
0 |
|a Drugs & the law
|b the Canadian scene
|c Reginald Whitaker
|
| 246 |
3 |
3 |
|a Drugs and the law
|
| 264 |
|
1 |
|a Toronto [u.a.]
|b Methuen
|c [1969]
|
| 300 |
|
|
|a VIII, 240 S
|c 23 cm
|
| 336 |
|
|
|a Text
|b txt
|2 rdacontent
|
| 337 |
|
|
|a ohne Hilfsmittel zu benutzen
|b n
|2 rdamedia
|
| 338 |
|
|
|a Band
|b nc
|2 rdacarrier
|
| 500 |
|
|
|a Includes bibliographies
|
| 583 |
1 |
|
|a Archivierung prüfen
|c 20240324
|f DE-4165
|z 2
|2 pdager
|
| 583 |
1 |
|
|a Archivierung/Langzeitarchivierung gewährleistet
|c 20250619
|f FID
|f DE-2298
|x XA-DE-NI
|z FID Pharmazie
|2 pdager
|5 DE-84
|
| 653 |
|
0 |
|a Drug abuse
|a Canada
|
| 653 |
|
0 |
|a Drugs
|a Law and legislation
|a Canada
|a Criminal provisions
|
| 689 |
0 |
0 |
|d g
|0 (DE-588)4029456-0
|0 (DE-627)106274163
|0 (DE-576)208982698
|a Kanada
|2 gnd
|
| 689 |
0 |
1 |
|d s
|0 (DE-588)4138597-4
|0 (DE-627)104577576
|0 (DE-576)209687398
|a Drogenabhängigkeit
|2 gnd
|
| 689 |
0 |
|
|5 (DE-627)
|
| 883 |
|
|
|8 1\p
|a cgwrk
|d 20241001
|q DE-101
|u https://d-nb.info/provenance/plan#cgwrk
|
| 935 |
|
|
|i Blocktest
|
| 936 |
b |
k |
|a 86.56
|j Gesundheitsrecht
|j Lebensmittelrecht
|0 (DE-627)106416995
|
| 936 |
b |
k |
|a 71.66
|j Sucht als soziales Problem
|0 (DE-627)106412256
|
| 951 |
|
|
|a BO
|
| ELC |
|
|
|b 1
|
| LOK |
|
|
|0 000 xxxxxcx a22 zn 4500
|
| LOK |
|
|
|0 001 3226749404
|
| LOK |
|
|
|0 003 DE-627
|
| LOK |
|
|
|0 004 112810632
|
| LOK |
|
|
|0 005 20020607000000
|
| LOK |
|
|
|0 008 940224||||||||||||||||ger|||||||
|
| LOK |
|
|
|0 040
|a DE-21-110
|c DE-627
|d DE-21-110
|
| LOK |
|
|
|0 852
|a DE-21-110
|
| LOK |
|
|
|0 852 1
|c C XVII 40
|m p
|9 00
|
| LOK |
|
|
|0 935
|a k110
|
| LOK |
|
|
|0 936ln
|a 9.7
|
| LOK |
|
|
|0 938
|k p
|
| LOK |
|
|
|0 939
|a 24-02-94
|b l01
|
| ORI |
|
|
|a SA-MARC-krimdoka001.raw
|
| SIG |
|
|
|a IFK: C XVII 40
|
| TIM |
|
|
|a 100018670701_100020261231
|b 1867-07-01 - 2026
|